000 00474nam a22001697a 4500
999 _c126112
_d126112
005 20220409103632.0
008 220409b ||||| |||| 00| 0 eng d
020 _a9781484268759
040 _cPK-LaUMT
082 _a519.502855133
_bYAR-C
100 _aYarberry, William
245 _aCran recipes :
_bDPLYR, stringer, lubridate, and RegEx in R /
_cby William Yarberry
260 _aNew York :
_bApress,
_c2021
300 _a344 p.
650 _aStatistics
942 _cBK